<?xml version="1.0" encoding="UTF-8"?>
<record
    xmlns:xsi="http://www.w3.org/2001/XMLSchema-instance"
    xsi:schemaLocation="http://www.loc.gov/MARC21/slim http://www.loc.gov/standards/marcxml/schema/MARC21slim.xsd"
    xmlns="http://www.loc.gov/MARC21/slim">

  <leader>01241cpcaa2200265 a 4500</leader>
  <controlfield tag="001">mm 80048479 </controlfield>
  <controlfield tag="003">DLC</controlfield>
  <controlfield tag="005">20260227111704.0</controlfield>
  <controlfield tag="008">800605||||||||||||                 eng  </controlfield>
  <datafield tag="010" ind1=" " ind2=" ">
    <subfield code="a">mm 80048479 </subfield>
    <subfield code="b">ms 80002039 </subfield>
  </datafield>
  <datafield tag="040" ind1=" " ind2=" ">
    <subfield code="a">DLC</subfield>
    <subfield code="c">DLC</subfield>
    <subfield code="e">dacs</subfield>
    <subfield code="d">DLC</subfield>
  </datafield>
  <datafield tag="072" ind1=" " ind2="7">
    <subfield code="a">L</subfield>
    <subfield code="2">lcmd</subfield>
  </datafield>
  <datafield tag="100" ind1="1" ind2=" ">
    <subfield code="a">Cox, Edward Finch,</subfield>
    <subfield code="d">1946-</subfield>
  </datafield>
  <datafield tag="245" ind1="0" ind2="0">
    <subfield code="a">Wedding memorabilia of Edward Finch and Patricia Nixon Cox,</subfield>
    <subfield code="f">1971.</subfield>
  </datafield>
  <datafield tag="300" ind1=" " ind2=" ">
    <subfield code="a">35</subfield>
    <subfield code="f">items.</subfield>
  </datafield>
  <datafield tag="300" ind1=" " ind2=" ">
    <subfield code="a">1</subfield>
    <subfield code="f">container.</subfield>
  </datafield>
  <datafield tag="506" ind1="0" ind2=" ">
    <subfield code="a">Open to research.</subfield>
  </datafield>
  <datafield tag="520" ind1="8" ind2=" ">
    <subfield code="a">Memorabilia of Cox and his wife, Patricia Nixon Cox, concerning their wedding on June 12, 1971.  Includes invitation and passes, press packet with press releases and photographs of the gown designs and china, crystal, and silver designs selected by the bride, note from the White House social secretary, wedding program, and a small box of wedding cake.</subfield>
  </datafield>
  <datafield tag="546" ind1=" " ind2=" ">
    <subfield code="a">Collection material in English.</subfield>
  </datafield>
  <datafield tag="600" ind1="1" ind2="0">
    <subfield code="a">Cox, Patricia Nixon,</subfield>
    <subfield code="d">1946-</subfield>
  </datafield>
  <datafield tag="610" ind1="2" ind2="0">
    <subfield code="a">White House (Washington, D.C.)</subfield>
  </datafield>
  <datafield tag="651" ind1=" " ind2="0">
    <subfield code="a">Washington (D.C.)</subfield>
    <subfield code="x">Social life and customs.</subfield>
  </datafield>
  <datafield tag="999" ind1=" " ind2=" ">
    <subfield code="c">42887</subfield>
    <subfield code="d">42887</subfield>
  </datafield>
</record>
